Elenca la formazione - Quiz n°10 - Statistics

Statistiche generali
  • Questo quiz è stato fatto 183 volte
  • Il punteggio medio è 8 su 11
Statistiche sulle risposte
Ruolo Nazione Calciatore % Corretto
Attaccante Italia Ciro Immobile
97%
Portiere Albania Thomas Strakosha
91%
Centrocampista Spagna Luis Alberto
88%
Attaccante Argentina Joaquín Correa
74%
Difensore Italia Francesco Acerbi
71%
Difensore Brasile Luiz Felipe
67%
Centrocampista Montenegro Adam Marušić
66%
Centrocampista Bosnia ed Erzegovina Senad Lulić
62%
Centrocampista Brasile Lucas Leiva
59%
Centrocampista Italia Marco Parolo
57%
Difensore Angola Bastos
54%
Nessun quiz corrispondente trovato
Distribuzione punteggi
Percentuale di utenti per punteggio
Percentile per numero di risposta
I tuoi punteggi nel tempo
Non hai fatto questo quiz